Match the Capital city to the country its in. - Statistics

General Stats
  • This quiz has been taken 595 times
  • The average score is 11 of 15
Answer Stats
Capital City Country % Correct
London United Kingdom
94%
Monaco Monaco
92%
Oslo Norway
92%
Warsaw Poland
92%
Vienna Austria
91%
Lisbon Portugal
89%
Lima Peru
82%
Sofia Bulgaria
79%
Kabul Afghanistan
75%
Tirana Albania
66%
Valletta Malta
63%
Rabat Morocco
61%
Doha Qatar
61%
Kigali Rwanda
43%
Apia Samoa
38%
No matching quizzes found
Score Distribution
Percent of People with Each Score
Percentile by Number Answered
Your Score History
You have not taken this quiz